[Event "GRE-chT 52nd"]
[Site "Loutraki"]
[Date "2025.06.29"]
[Round "2.51"]
[White "Stefanou, Dimitrios"]
[Black "Halkias, Stelios"]
[Result "1/2-1/2"]
[WhiteElo "2379"]
[BlackElo "2509"]
[PlyCount "48"]
[EventDate "2025.06.28"]
[EventType "team-swiss"]
[EventRounds "7"]
[EventCountry "GRE"]
[SourceTitle "CB28_2025"]
[SourceDate "2025.07.09"]
[SourceVersion "1"]
[SourceVersionDate "2025.07.09"]
[SourceQuality "1"]
[WhiteTeam "Pneemathlon"]
[BlackTeam "Trikalon Skaki"]
[WhiteTeamCountry "GRE"]
[BlackTeamCountry "GRE"]

1. Nf3 Nf6 2. c4 e6 3. g3 d5 4. Bg2 Be7 5. 0-0 0-0 6. b3 b6 7. Bb2 Bb7 8. cxd5 Nxd5 9. d4 Nd7 10. Nbd2 c5 11. Nc4 Rc8 12. Rc1 N5f6 13. dxc5 Nxc5 14. Qxd8 Rfxd8 15. Rfd1 Nd5 16. Nd4 Bf6 17. Ba3 Ba6 18. e3 h6 19. h3 g6 20. Kh2 Kh7 21. Kg1 Kg8 22. Kh2 Kh7 23. Kg1 Kg8 24. Kh2 Kh7 1/2-1/2

[Event "EU-Cup 39th"]
[Site "Vrnjacka Banja"]
[Date "2024.10.22"]
[Round "3.5"]
[White "Stefanou, Dimitrios"]
[Black "Samunenkov, Igor"]
[Result "1/2-1/2"]
[WhiteElo "2356"]
[BlackElo "2533"]
[PlyCount "55"]
[EventDate "2024.10.20"]
[EventType "team-swiss"]
[EventRounds "7"]
[EventCountry "SRB"]
[SourceTitle "CB44_2024"]
[Source "Chessbase"]
[SourceDate "2024.10.30"]
[SourceVersion "1"]
[SourceVersionDate "2024.10.30"]
[SourceQuality "1"]
[WhiteTeam "Kavala"]
[BlackTeam "Nagykanizsa Tuxera"]
[WhiteTeamCountry "GRE"]
[BlackTeamCountry "HUN"]

1. Nf3 c5 2. c4 Nc6 3. Nc3 e5 4. e3 Nf6 5. d4 e4 6. d5 exf3 7. dxc6 dxc6 8. Qxd8+ Kxd8 9. gxf3 g6 10. b3 Bg7 11. Bb2 b6 12. Rd1+ Kc7 13. h4 Bf5 14. Ne4 Nh5 15. Bxg7 Nxg7 16. Ng3 h5 17. Nxf5 Nxf5 18. Bd3 Nd6 19. Ke2 a5 20. a4 Rae8 21. Rhg1 Re6 22. f4 f5 23. Rd2 Rhe8 24. Rgd1 R8e7 25. Rc2 Re8 26. Rcd2 R8e7 27. Rc2 Re8 28. Rcd2 1/2-1/2

[Event "Kavala op-A 33rd"]
[Site "Kavala"]
[Date "2024.08.01"]
[Round "5"]
[White "Stefanou, Dimitrios"]
[Black "Raja, Rithvik R"]
[Result "1/2-1/2"]
[WhiteElo "2347"]
[BlackElo "2511"]
[PlyCount "52"]
[EventDate "2024.07.29"]
[EventType "swiss"]
[EventRounds "9"]
[EventCountry "GRE"]
[SourceTitle "EXT 2025"]
[Source "ChessBase"]
[SourceDate "2024.10.14"]
[SourceVersion "1"]
[SourceVersionDate "2024.10.14"]
[SourceQuality "1"]

1. c4 e6 2. Nc3 d5 3. d4 c6 4. e4 dxe4 5. Nxe4 Bb4+ 6. Bd2 Qxd4 7. Bxb4 Qxe4+ 8. Ne2 Na6 9. Bf8 Qg6 10. Qd6 f5 11. Qa3 Qf6 12. Bd6 Nh6 13. 0-0-0 Nf7 14. c5 b6 15. Nd4 Nxd6 16. Bxa6 Ne4 17. Bxc8 Rxc8 18. cxb6 axb6 19. f3 Nc5 20. b4 Nd7 21. Nxe6 Qxe6 22. Rhe1 Ne5 23. Qb3 Qxb3 24. Rxe5+ Kf7 25. axb3 Kf6 26. Rde1 Rc7 1/2-1/2

[Event "Paleochora op 17th"]
[Site "Paleochora"]
[Date "2024.07.27"]
[Round "9"]
[White "Poupalos, Nikolaos"]
[Black "Stefanou, Dimitrios"]
[Result "1/2-1/2"]
[WhiteElo "2295"]
[BlackElo "2347"]
[PlyCount "71"]
[EventDate "2024.07.20"]
[EventType "swiss"]
[EventRounds "9"]
[EventCountry "GRE"]
[SourceTitle "CBM 221 Extra"]
[Source "ChessBase"]
[SourceDate "2024.09.30"]
[SourceVersion "1"]
[SourceVersionDate "2024.09.30"]
[SourceQuality "1"]

1. e4 e5 2. Nf3 Nc6 3. Bb5 a6 4. Ba4 Nf6 5. 0-0 Be7 6. Re1 b5 7. Bb3 d6 8. c3 0-0 9. h3 Na5 10. Bc2 c5 11. d4 Nd7 12. d5 Nb6 13. Nbd2 Bd7 14. Nf1 Nb7 15. Ng3 g6 16. Bh6 Re8 17. b3 c4 18. b4 a5 19. a3 Ra6 20. Nh2 Bg5 21. Bxg5 Qxg5 22. Ng4 Rea8 23. Qc1 Qxc1 24. Raxc1 Kg7 25. Ne3 axb4 26. axb4 Ra3 27. Ne2 Nd8 28. g4 f6 29. Kg2 Nf7 30. Rf1 Ra2 31. Kg3 R8a3 32. h4 Na4 33. Bxa4 Rxe2 34. Bd1 Rd2 35. Kg2 Nh6 36. Re1 1/2-1/2

[Event "Paleochora op 17th"]
[Site "Paleochora"]
[Date "2024.07.20"]
[Round "1"]
[White "Tragoudaras, Nikolaos"]
[Black "Stefanou, Dimitrios"]
[Result "1/2-1/2"]
[WhiteElo "1935"]
[BlackElo "2347"]
[PlyCount "139"]
[EventDate "2024.07.20"]
[EventType "swiss"]
[EventRounds "9"]
[EventCountry "GRE"]
[SourceTitle "CBM 221 Extra"]
[Source "ChessBase"]
[SourceDate "2024.09.30"]
[SourceVersion "1"]
[SourceVersionDate "2024.09.30"]
[SourceQuality "1"]

1. e4 d6 2. d4 Nd7 3. Nf3 g6 4. Bc4 e6 5. 0-0 Bg7 6. Re1 b6 7. c3 Bb7 8. Nbd2 Ngf6 9. Bd3 0-0 10. Nf1 c5 11. Ng3 Rc8 12. b3 Qe7 13. Bb2 h5 14. h3 Nh7 15. Qd2 Kh8 16. Rad1 Rcd8 17. Qe2 Rfe8 18. a4 a5 19. Nf1 Ng5 20. N1d2 Nxf3+ 21. Qxf3 Nb8 22. Bb1 cxd4 23. cxd4 d5 24. e5 Bh6 25. Nf1 Ba6 26. Ng3 Rc8 27. Bc1 Bxc1 28. Rxc1 Kg7 29. Qf4 h4 30. Nf1 Bxf1 31. Rxf1 Nc6 32. Rc3 Na7 33. Rf3 Rh8 34. Qg4 Rh6 35. Rf6 Nc6 36. Rd1 Rc7 37. Kh2 Qb4 38. Rf3 Qe7 39. Qf4 Rh8 40. Rdd3 Nb4 41. Rc3 Rxc3 42. Rxc3 Rf8 43. Qc1 Rd8 44. Rc7 Rd7 45. Rxd7 Qxd7 46. Qg5 Nc6 47. Qxh4 Qe7 48. Qf4 Kg8 49. Qg4 Kf8 50. Qf4 Kg8 51. Qg4 Qb4 52. f4 Qe7 53. h4 Nxd4 54. h5 Qf8 55. hxg6 Qh6+ 56. Kg3 fxg6 57. Bxg6 Kf8 58. Kf2 Nxb3 59. Qxe6 Qxf4+ 60. Kg1 Nd4 61. Qd6+ Kg7 62. Bh5 Qe3+ 63. Kh2 Qf4+ 64. Kg1 Qe3+ 65. Kh2 Qg5 66. Qc7+ Kh8 67. Qc8+ Kh7 68. Qc7+ Kh8 69. Qc8+ Kh7 70. Qc7+ 1/2-1/2

[Event "GRE-chT 51st"]
[Site "Trikala"]
[Date "2024.07.10"]
[Round "7.4"]
[White "Stefanou, Dimitrios"]
[Black "Kesidis, Odyseas"]
[Result "1/2-1/2"]
[WhiteElo "2347"]
[BlackElo "2242"]
[PlyCount "81"]
[EventDate "2024.07.04"]
[EventType "team-swiss"]
[EventRounds "7"]
[EventCountry "GRE"]
[SourceTitle "CBM 221 Extra"]
[Source "ChessBase"]
[SourceDate "2024.09.30"]
[SourceVersion "1"]
[SourceVersionDate "2024.09.30"]
[SourceQuality "1"]
[WhiteTeam "Kavalas"]
[BlackTeam "Amo Galaxias"]
[WhiteTeamCountry "GRE"]
[BlackTeamCountry "GRE"]

1. d4 Nf6 2. c4 g6 3. Nc3 Bg7 4. e4 d6 5. Be2 0-0 6. Be3 a5 7. g4 a4 8. Rc1 c5 9. d5 a3 10. b3 e6 11. h4 exd5 12. cxd5 Re8 13. f3 h5 14. g5 Nfd7 15. Nh3 Ne5 16. Qd2 Na6 17. Nf2 Nb4 18. Kf1 f5 19. gxf6 Qxf6 20. f4 Ng4 21. Nxg4 Bxg4 22. Bxg4 hxg4 23. Kg2 Qe7 24. e5 dxe5 25. d6 Qd7 26. Kg3 Qc6 27. Rhf1 Rad8 28. Rcd1 exf4+ 29. Bxf4 Bd4 30. Ne2 Rxd6 31. Bxd6 Qxd6+ 32. Nf4 Nd5 33. Rde1 Rf8 34. Re6 Qc7 35. Rxg6+ Kh8 36. Rh6+ Kg8 37. Rh5 Ne3 38. Rg5+ Kh8 39. Rh5+ Kg8 40. Rg5+ Kh8 41. Rh5+ 1/2-1/2

[Event "GRE-chT 51st"]
[Site "Trikala"]
[Date "2024.07.06"]
[Round "3.8"]
[White "Stefanou, Dimitrios"]
[Black "Kouvidis, Ioannis"]
[Result "1/2-1/2"]
[WhiteElo "2347"]
[BlackElo "2047"]
[PlyCount "163"]
[EventDate "2024.07.04"]
[EventType "team-swiss"]
[EventRounds "7"]
[EventCountry "GRE"]
[SourceTitle "CBM 221 Extra"]
[Source "ChessBase"]
[SourceDate "2024.09.30"]
[SourceVersion "1"]
[SourceVersionDate "2024.09.30"]
[SourceQuality "1"]
[WhiteTeam "Kavalas"]
[BlackTeam "OFI"]
[WhiteTeamCountry "GRE"]
[BlackTeamCountry "GRE"]

1. e4 c5 2. Nf3 e6 3. b3 a6 4. Bb2 Nc6 5. g3 Nf6 6. Qe2 Be7 7. Bg2 0-0 8. 0-0 b5 9. a4 Bb7 10. d4 cxd4 11. Nxd4 Qb6 12. Rd1 Nxd4 13. Bxd4 Qc6 14. Nd2 b4 15. a5 Bc5 16. Nc4 Bxd4 17. Rxd4 Qc5 18. Rad1 d5 19. Nb6 Rad8 20. e5 Nd7 21. Na4 Qxa5 22. Qh5 Qc7 23. Rxb4 Bc6 24. Re1 Bxa4 25. Rxa4 Qxc2 26. Bf1 Nc5 27. Rg4 f5 28. exf6 Rxf6 29. Re2 Qc1 30. Qe5 Rdf8 31. Qc7 R6f7 32. Qc6 Nxb3 33. Qxc1 Nxc1 34. Rxe6 Rxf2 35. Bxa6 Rd2 36. Re7 g6 37. Rb4 Rf7 38. Rb8+ Kg7 39. Rxf7+ Kxf7 40. Rb7+ Kg8 41. Rd7 Na2 42. g4 h6 43. h4 Nc3 44. g5 h5 45. Rc7 Ne2+ 46. Kf2 Nf4+ 47. Ke3 Ra2 48. Kxf4 Rxa6 49. Ke5 d4 50. Rd7 Kf8 51. Kxd4 Re6 52. Kd5 Re1 53. Rb7 Re2 54. Rb4 Ke7 55. Rb7+ Kf8 56. Rb6 Kf7 57. Rf6+ Kg7 58. Rf4 Re8 59. Ra4 Rd8+ 60. Ke5 Re8+ 61. Kd6 Rd8+ 62. Ke7 Rd1 63. Ra7 Re1+ 64. Kd6+ Kf8 65. Ra5 Kf7 66. Ra7+ Kf8 67. Ra4 Kf7 68. Rf4+ Kg7 69. Kd5 Re8 70. Kd6 Rd8+ 71. Ke7 Rd1 72. Re4 Rd2 73. Ke6 Ra2 74. Rd4 Re2+ 75. Kd6 Re8 76. Kc7 Re1 77. Rd7+ Kf8 78. Kd6 Re4 79. Rd8+ Kf7 80. Rd7+ Kf8 81. Rd8+ Kf7 82. Rd7+ 1/2-1/2

[Event "GRE-chT 50th"]
[Site "Nikaia"]
[Date "2023.08.26"]
[Round "3.3"]
[White "Stefanou, Dimitrios"]
[Black "Spyratos, Nikolaos"]
[Result "1/2-1/2"]
[WhiteElo "2335"]
[BlackElo "2067"]
[PlyCount "91"]
[EventDate "2023.08.25"]
[EventType "team"]
[EventRounds "9"]
[EventCountry "GRE"]
[SourceTitle "CBM 216 Extra"]
[Source "ChessBase"]
[SourceDate "2023.11.30"]
[SourceVersion "1"]
[SourceVersionDate "2023.11.30"]
[SourceQuality "1"]
[WhiteTeam "Kavalas"]
[BlackTeam "Panionios"]
[WhiteTeamCountry "GRE"]
[BlackTeamCountry "GRE"]

1. Nf3 Nf6 2. c4 e6 3. g3 d5 4. Bg2 Bd6 5. 0-0 0-0 6. b3 dxc4 7. bxc4 e5 8. Nc3 Re8 9. d3 h6 10. Rb1 c6 11. Nd2 Qc7 12. Qc2 Nbd7 13. Na4 Nc5 14. Ba3 Nxa4 15. Bxd6 Qxd6 16. Qxa4 Qe7 17. Rb2 Nd7 18. Rfb1 Nc5 19. Qa3 a5 20. Nb3 Nxb3 21. Rxb3 Qxa3 22. Rxa3 Ra7 23. Kf1 Kf8 24. Rb4 Be6 25. Rba4 Rea8 26. c5 Ke7 27. Re4 Kf6 28. Rea4 Ke7 29. f4 exf4 30. gxf4 g5 31. fxg5 hxg5 32. Kf2 Kf6 33. d4 Ra6 34. e4 b5 35. cxb6 Rxb6 36. d5 Rb2+ 37. Kg3 cxd5 38. exd5 Bd7 39. Rxa5 Rxa5 40. Rxa5 Ke5 41. d6+ Kxd6 42. Rxg5 Rxa2 43. Rg7 Ra3+ 44. Kf4 Ra4+ 45. Kg3 Ra3+ 46. Kf4 1/2-1/2

[Event "GRE-chT 50th"]
[Site "Nikaia"]
[Date "2023.08.25"]
[Round "1.8"]
[White "Sioutis, Angelos"]
[Black "Stefanou, Dimitrios"]
[Result "0-1"]
[WhiteElo "1687"]
[BlackElo "2335"]
[PlyCount "106"]
[EventDate "2023.08.25"]
[EventType "team"]
[EventRounds "9"]
[EventCountry "GRE"]
[SourceTitle "CBM 216 Extra"]
[Source "ChessBase"]
[SourceDate "2023.11.30"]
[SourceVersion "1"]
[SourceVersionDate "2023.11.30"]
[SourceQuality "1"]
[WhiteTeam "Kallitheas"]
[BlackTeam "Kavalas"]
[WhiteTeamCountry "GRE"]
[BlackTeamCountry "GRE"]

1. d4 Nf6 2. c4 g6 3. g3 Bg7 4. Bg2 0-0 5. Nf3 d6 6. 0-0 c6 7. Nc3 Qb6 8. e4 Bg4 9. h3 Bxf3 10. Bxf3 Nfd7 11. d5 Na6 12. Qe2 Ne5 13. b3 Nxf3+ 14. Qxf3 Nc5 15. Rb1 f5 16. Bd2 fxe4 17. Qe2 Bxc3 18. Bxc3 cxd5 19. cxd5 Rac8 20. Bd4 Qb4 21. Rbd1 Rf5 22. Qe3 Rf3 23. Bxc5 Rxc5 24. Rd4 Rxe3 25. Rxb4 Re2 26. Rxb7 e3 27. Rxa7 Rcc2 28. Kg2 Rxf2+ 29. Rxf2 Rxf2+ 30. Kg1 Kf7 31. Ra4 Rd2 32. Rf4+ Ke8 33. Re4 Rxa2 34. Rxe3 Rd2 35. Kf1 Rxd5 36. Ke2 Kd7 37. Rf3 h5 38. Ke3 Ke6 39. Ke4 Rd1 40. Kf4 Rd5 41. Re3+ Kf6 42. Rc3 Rd1 43. h4 e5+ 44. Kf3 d5 45. Rc8 Rd3+ 46. Kf2 Rxb3 47. Rf8+ Ke6 48. Rg8 Kf5 49. Rf8+ Ke4 50. Rf6 Rb2+ 51. Kf1 d4 52. Rxg6 d3 53. Rd6 Ke3 0-1

[Event "Kavala op 32nd"]
[Site "Kavala"]
[Date "2023.08.03"]
[Round "8"]
[White "Stefanou, Dimitrios"]
[Black "Richter, Michael"]
[Result "1-0"]
[WhiteElo "2335"]
[BlackElo "2449"]
[PlyCount "67"]
[EventDate "2023.07.28"]
[EventType "swiss"]
[EventRounds "9"]
[EventCountry "GRE"]
[SourceTitle "CBM 215 Extra"]
[Source "ChessBase"]
[SourceDate "2023.09.30"]
[SourceVersion "1"]
[SourceVersionDate "2023.09.30"]
[SourceQuality "1"]

1. e4 e6 2. d4 d5 3. e5 c5 4. c3 Nc6 5. Nf3 Bd7 6. Be2 Nge7 7. 0-0 Ng6 8. g3 f6 9. Re1 cxd4 10. cxd4 fxe5 11. dxe5 Bc5 12. Nc3 a6 13. Bd3 0-0 14. Bxg6 hxg6 15. Be3 Be7 16. Nd4 Rc8 17. Nxc6 bxc6 18. Qg4 Qe8 19. b4 Qf7 20. Na4 Rb8 21. a3 Rb5 22. Re2 a5 23. Bc5 axb4 24. axb4 Rfb8 25. Rc2 Bxc5 26. bxc5 Rb1+ 27. Rxb1 Rxb1+ 28. Kg2 Bc8 29. Nc3 Rb8 30. Ra2 Bb7 31. Ne2 Bc8 32. Nd4 Rb4 33. Ra8 Qb7 34. Qxe6+ 1-0

[Event "Belgrade Serbia op"]
[Site "Belgrade"]
[Date "2023.07.24"]
[Round "9"]
[White "Subelj, Jan"]
[Black "Stefanou, Dimitrios"]
[Result "1-0"]
[WhiteElo "2513"]
[BlackElo "2327"]
[PlyCount "88"]
[EventDate "2023.07.16"]
[EventType "swiss"]
[EventRounds "9"]
[EventCountry "SRB"]
[SourceTitle "CBM 215 Extra"]
[Source "ChessBase"]
[SourceDate "2023.09.30"]
[SourceVersion "1"]
[SourceVersionDate "2023.09.30"]
[SourceQuality "1"]

1. e4 e6 2. d4 d5 3. Nc3 Bb4 4. e5 c5 5. a3 Bxc3+ 6. bxc3 Qa5 7. Bd2 Qa4 8. Qb1 c4 9. Qd1 Nc6 10. h4 Nge7 11. h5 h6 12. Nf3 Bd7 13. g3 0-0-0 14. Bh3 f5 15. Nh4 Rdg8 16. Qc1 Nd8 17. Qb2 Be8 18. Bg2 Ndc6 19. Bf3 Rf8 20. Ng2 b6 21. Nf4 Kd7 22. Kf1 Bf7 23. Kg2 Bg8 24. Ng6 Bh7 25. Nxh8 Rxh8 26. Bf4 Rf8 27. Rhb1 Rf7 28. Bd1 Kc7 29. Qb5 Qxb5 30. Rxb5 Na5 31. Be2 Rf8 32. Rbb1 Kd7 33. Kf3 Nac6 34. a4 Kc7 35. Ke3 Rb8 36. Rg1 Rf8 37. Raf1 Nd8 38. Kd2 Nf7 39. g4 g5 40. hxg6 Nxg6 41. Bxh6 Nxh6 42. Rh1 Nf4 43. Rxh6 Rf7 44. Rfh1 Bg6 1-0

[Event "Belgrade Serbia op"]
[Site "Belgrade"]
[Date "2023.07.22"]
[Round "7"]
[White "Valiyev, Shahin"]
[Black "Stefanou, Dimitrios"]
[Result "0-1"]
[WhiteElo "2220"]
[BlackElo "2327"]
[PlyCount "74"]
[EventDate "2023.07.16"]
[EventType "swiss"]
[EventRounds "9"]
[EventCountry "SRB"]
[SourceTitle "CBM 215 Extra"]
[Source "ChessBase"]
[SourceDate "2023.09.30"]
[SourceVersion "1"]
[SourceVersionDate "2023.09.30"]
[SourceQuality "1"]

1. e4 e5 2. Nf3 Nc6 3. Bb5 Nge7 4. c3 d5 5. Nxe5 dxe4 6. Qe2 Be6 7. 0-0 Qd5 8. Nxc6 Nxc6 9. Re1 0-0-0 10. b3 Bd6 11. Bc4 Qe5 12. g3 Bxc4 13. Qxc4 Qh5 14. Qe2 Qg6 15. Qxe4 Rhe8 16. Qxe8 Rxe8 17. Rxe8+ Kd7 18. Re1 Ne5 19. Rxe5 Bxe5 20. Na3 Qd3 21. Nc4 Bf6 22. Ne3 Kc8 23. Nf1 h5 24. h4 c5 25. Ba3 b6 26. b4 Qa6 27. Bb2 cxb4 28. a3 b3 29. a4 Qd3 30. Rc1 Qc4 31. Ra1 g5 32. hxg5 Bxg5 33. a5 Qd3 34. axb6 axb6 35. Rc1 h4 36. c4 hxg3 37. Rc3 Qd4 0-1

[Event "Belgrade Serbia op"]
[Site "Belgrade"]
[Date "2023.07.21"]
[Round "6"]
[White "Stefanou, Dimitrios"]
[Black "Djokic, Mihailo"]
[Result "1-0"]
[WhiteElo "2327"]
[BlackElo "2146"]
[PlyCount "61"]
[EventDate "2023.07.16"]
[EventType "swiss"]
[EventRounds "9"]
[EventCountry "SRB"]
[SourceTitle "CBM 215 Extra"]
[Source "ChessBase"]
[SourceDate "2023.09.30"]
[SourceVersion "1"]
[SourceVersionDate "2023.09.30"]
[SourceQuality "1"]

1. Nf3 Nf6 2. c4 e6 3. e3 d5 4. Nc3 g6 5. d4 Bg7 6. Be2 0-0 7. 0-0 dxc4 8. Bxc4 c5 9. Qe2 a6 10. dxc5 Qa5 11. e4 Nc6 12. Rd1 Qxc5 13. Bf4 b5 14. Bb3 Qb6 15. e5 Nd7 16. Rac1 Na5 17. Ne4 Qb8 18. Qe3 Kh8 19. Nf6 Qa7 20. Nxd7 Bxd7 21. Qd2 Nxb3 22. axb3 Be8 23. Qd6 Rg8 24. Bg5 Qb8 25. Qd4 Qb7 26. Bf6 Bxf6 27. exf6 g5 28. Ne5 Rc8 29. h3 Bc6 30. Qb6 Rgf8 31. Rxc6 1-0

[Event "Belgrade Serbia op"]
[Site "Belgrade"]
[Date "2023.07.17"]
[Round "2"]
[White "Stefanou, Dimitrios"]
[Black "Pranesh, Munirethinam"]
[Result "0-1"]
[WhiteElo "2327"]
[BlackElo "2507"]
[PlyCount "120"]
[EventDate "2023.07.16"]
[EventType "swiss"]
[EventRounds "9"]
[EventCountry "SRB"]
[SourceTitle "CBM 215 Extra"]
[Source "ChessBase"]
[SourceDate "2023.09.30"]
[SourceVersion "1"]
[SourceVersionDate "2023.09.30"]
[SourceQuality "1"]

1. Nf3 d5 2. c4 e6 3. g3 dxc4 4. Qa4+ Nd7 5. Qxc4 a6 6. Bg2 b5 7. Qb3 Bb7 8. 0-0 Ngf6 9. d3 Bd6 10. Nc3 0-0 11. a4 b4 12. Nb1 a5 13. Nbd2 e5 14. Nc4 Nc5 15. Qd1 e4 16. Nxd6 Qxd6 17. Bf4 Qe7 18. dxe4 Rad8 19. Qc2 Bxe4 20. Qc4 Bd5 21. Qc2 Ne6 22. Rac1 c5 23. Rfd1 Qb7 24. b3 Be4 25. Qc4 Bd5 26. Qc2 Nxf4 27. gxf4 Ne4 28. e3 Nc3 29. Ng5 g6 30. Rxd5 Nxd5 31. Rd1 h6 32. Ne4 Qe7 33. Qxc5 Qxc5 34. Nxc5 Nc3 35. Rxd8 Rxd8 36. Bf3 f5 37. Nb7 Ra8 38. h4 Ra6 39. Kf1 Kf7 40. Ke1 Ke7 41. Kd2 Ra7 42. Nc5 Kd6 43. Nb7+ Ke7 44. Nc5 h5 45. Kd3 Rc7 46. Kd4 Kf6 47. Bg2 Rc8 48. Nd7+ Ke6 49. Nc5+ Ke7 50. Nb7 Nxa4 51. Nxa5 Nc5 52. Bd5 Kf6 53. f3 Ne6+ 54. Bxe6 Kxe6 55. Nc4 Rd8+ 56. Kc5 Rd1 57. Ne5 g5 58. hxg5 h4 59. g6 h3 60. g7 Rd8 0-1

[Event "Rilton Cup 50th"]
[Site "Stockholm"]
[Date "2023.01.02"]
[Round "6"]
[White "Rietze, Clemens"]
[Black "Stefanou, Dimitrios"]
[Result "1/2-1/2"]
[WhiteElo "2359"]
[BlackElo "2266"]
[PlyCount "133"]
[EventDate "2022.12.27"]
[EventType "swiss"]
[EventRounds "9"]
[EventCountry "SWE"]
[SourceTitle "CBM 212 Extra"]
[Source "ChessBase"]
[SourceDate "2023.03.31"]
[SourceVersion "1"]
[SourceVersionDate "2023.03.31"]
[SourceQuality "1"]

1. d4 Nf6 2. c4 e6 3. Nf3 c5 4. d5 exd5 5. cxd5 d6 6. Nc3 g6 7. Bg5 h6 8. Bh4 g5 9. Bg3 Nh5 10. Nd2 Nxg3 11. hxg3 Bg7 12. e3 a6 13. a4 Nd7 14. Be2 Qe7 15. Nc4 Ne5 16. Nb6 Rb8 17. a5 0-0 18. Qd2 Nd7 19. Nca4 Nxb6 20. Nxb6 Bd7 21. 0-0 Bb5 22. Rab1 f5 23. b4 Bxe2 24. Qxe2 cxb4 25. Rxb4 f4 26. gxf4 gxf4 27. Qf3 fxe3 28. Qxe3 Rbe8 29. Qg3 Rf5 30. Rg4 Kh8 31. Rg6 Rh5 32. Re6 Qf7 33. Qf3 Rf8 34. Qxf7 Rxf7 35. Rxd6 Bd4 36. g3 Rhf5 37. Kg2 Rxf2+ 38. Rxf2 Rxf2+ 39. Kh3 Kg7 40. Kg4 Rf7 41. Re6 Rf6 42. Re7+ Rf7 43. Re8 Kg6 44. Rg8+ Kf6 45. Kf4 Bc3 46. Nc4 Rc7 47. Ne3 Bxa5 48. Ng4+ Ke7 49. Nxh6 Rc4+ 50. Kf5 Kd6 51. g4 Kxd5 52. g5 Rc1 53. Ng4 Rf1+ 54. Kg6 Rg1 55. Nf6+ Kc6 56. Kf7 Kb5 57. g6 Bc3 58. Rc8 Bxf6 59. Kxf6 Kb4 60. g7 a5 61. g8Q Rxg8 62. Rxg8 a4 63. Ke5 a3 64. Rg4+ Kb3 65. Rg3+ Kb2 66. Rg2+ Kb3 67. Rg3+ 1/2-1/2

[Event "Rilton Cup 50th"]
[Site "Stockholm"]
[Date "2022.12.31"]
[Round "5"]
[White "Stefanou, Dimitrios"]
[Black "Vestby Ellingsen, Mads"]
[Result "1/2-1/2"]
[WhiteElo "2266"]
[BlackElo "2389"]
[PlyCount "120"]
[EventDate "2022.12.27"]
[EventType "swiss"]
[EventRounds "9"]
[EventCountry "SWE"]
[SourceTitle "CBM 212 Extra"]
[Source "ChessBase"]
[SourceDate "2023.03.31"]
[SourceVersion "1"]
[SourceVersionDate "2023.03.31"]
[SourceQuality "1"]

1. e4 e5 2. Nf3 Nf6 3. Nxe5 d6 4. Nc4 Nxe4 5. Qe2 Qe7 6. Ne3 Nc6 7. c3 Be6 8. d4 d5 9. Nd2 Nxd2 10. Bxd2 Qd7 11. Qf3 0-0-0 12. Bb5 Kb8 13. a4 g5 14. h4 g4 15. Qd1 g3 16. f4 h5 17. Qf3 Bg4 18. Nxg4 hxg4 19. Qxg3 a6 20. Bd3 Na5 21. Kd1 Nb3 22. Ra2 c5 23. f5+ Bd6 24. Bf4 cxd4 25. Bxd6+ Qxd6 26. Qxd6+ Rxd6 27. Kc2 Nc5 28. cxd4 Nxd3 29. Kxd3 Rf6 30. Raa1 Rxf5 31. Raf1 Rxf1 32. Rxf1 Rxh4 33. Rxf7 Rh2 34. Rf2 g3 35. Re2 Kc7 36. Ke3 Rh4 37. Rd2 Kd6 38. Kf3 Ke6 39. Kxg3 Re4 40. Kf3 Kf5 41. a5 Kg5 42. g3 Kf5 43. Rd3 Kg5 44. Rb3 Rxd4 45. Rxb7 Ra4 46. b4 Ra3+ 47. Ke2 Kf5 48. Rb6 Ke4 49. Rxa6 Ra2+ 50. Ke1 d4 51. g4 d3 52. g5 Rg2 53. Rd6 Ke3 54. Re6+ Kd4 55. a6 Rxg5 56. a7 Rg1+ 57. Kd2 Ra1 58. Rd6+ Kc4 59. Rc6+ Kxb4 60. Rc8 Rxa7 1/2-1/2

[Event "GRE-ch U16"]
[Site "Thessaloniki"]
[Date "2022.08.22"]
[Round "7"]
[White "Stefanou, Dimitrios"]
[Black "Tragoudaras, Nikolaos"]
[Result "1-0"]
[WhiteElo "2244"]
[BlackElo "1810"]
[PlyCount "83"]
[EventDate "2022.08.18"]
[EventType "swiss"]
[EventRounds "9"]
[EventCountry "GRE"]
[SourceTitle "EXT 2023"]
[Source "ChessBase"]
[SourceDate "2022.10.05"]
[SourceVersion "1"]
[SourceVersionDate "2022.10.05"]
[SourceQuality "1"]

1. c4 e6 2. Nf3 Nf6 3. g3 d5 4. Bg2 dxc4 5. Qa4+ Bd7 6. Qxc4 c5 7. Ne5 Qc8 8. Qd3 Nc6 9. Nxd7 Nxd7 10. Nc3 Be7 11. 0-0 0-0 12. b3 Rb8 13. Bb2 Bf6 14. Rac1 Rd8 15. Qb1 b6 16. d3 Nd4 17. e3 Nf5 18. d4 cxd4 19. Nd5 Qa6 20. Nb4 Qb5 21. Nc6 dxe3 22. Nxd8 Rxd8 23. Bc6 Qe2 24. Rc2 Qd3 25. Rd1 exf2+ 26. Rxf2 Qxb1 27. Rxb1 Bxb2 28. Rfxb2 Nd4 29. Bg2 e5 30. Rc1 Nc5 31. Rc4 g6 32. Rb1 Ne2+ 33. Kf2 Rd2 34. Ke3 Rxa2 35. b4 Na4 36. Bd5 Kg7 37. Rc7 Ra3+ 38. Rb3 Nec3 39. Rxf7+ Kg8 40. Be6 Nd1+ 41. Kd2 Ra1 42. Rd3 1-0

[Event "GRE-ch U16"]
[Site "Thessaloniki"]
[Date "2022.08.21"]
[Round "5"]
[White "Stefanou, Dimitrios"]
[Black "Ziomas, Konstantinos Dimitr"]
[Result "1-0"]
[WhiteElo "2244"]
[BlackElo "1702"]
[PlyCount "67"]
[EventDate "2022.08.18"]
[EventType "swiss"]
[EventRounds "9"]
[EventCountry "GRE"]
[SourceTitle "EXT 2023"]
[Source "ChessBase"]
[SourceDate "2022.10.05"]
[SourceVersion "1"]
[SourceVersionDate "2022.10.05"]
[SourceQuality "1"]

1. d4 Nf6 2. c4 e6 3. Nf3 Bb4+ 4. Nbd2 b6 5. a3 Bxd2+ 6. Qxd2 Bb7 7. e3 d6 8. Be2 Nbd7 9. 0-0 0-0 10. b4 Ne4 11. Qc2 f5 12. Ne1 Qh4 13. f3 Ng5 14. Bd1 Rf6 15. Qf2 Qh5 16. Nd3 Rh6 17. Qg3 Qh4 18. Qxh4 Rxh4 19. e4 Nf7 20. g3 Rh5 21. d5 exd5 22. exd5 g5 23. f4 g4 24. Bb2 Re8 25. Ba4 Bc8 26. Rae1 Rxe1 27. Rxe1 Kf8 28. Nc1 Rh6 29. Nb3 Nd8 30. Nd4 Nf6 31. Bc2 Rh5 32. Ne6+ Nxe6 33. Bxf6 Rh6 34. dxe6 1-0

[Event "GRE-chT 49th"]
[Site "Thessaloniki"]
[Date "2022.08.15"]
[Round "5.1"]
[White "Stefanou, Dimitrios"]
[Black "Papaioannou, Dimitrios1"]
[Result "0-1"]
[WhiteElo "2244"]
[BlackElo "2178"]
[PlyCount "58"]
[EventDate "2022.08.12"]
[EventType "team-swiss"]
[EventRounds "7"]
[EventCountry "GRE"]
[SourceTitle "CBM 209 Extra"]
[Source "ChessBase"]
[SourceDate "2022.09.30"]
[SourceVersion "1"]
[SourceVersionDate "2022.09.30"]
[SourceQuality "1"]
[WhiteTeam "Kavalas"]
[BlackTeam "Eaao Fysiolatris Nikias"]
[WhiteTeamCountry "GRE"]
[BlackTeamCountry "GRE"]

1. d4 Nf6 2. c4 g6 3. Nc3 Bg7 4. e4 d6 5. Be2 0-0 6. Be3 Nc6 7. d5 Ne5 8. f4 Neg4 9. Bd2 Nh6 10. Nf3 c6 11. Qc1 b5 12. a3 bxc4 13. dxc6 Qb6 14. e5 dxe5 15. fxe5 Nfg4 16. Rf1 Nf5 17. Bf4 Nfe3 18. Rg1 Bf5 19. Bxe3 Nxe3 20. g4 Nxg4 21. Rxg4 Bxg4 22. Kf1 Qxc6 23. Qf4 Be6 24. Qh4 f6 25. Ne4 g5 26. Qg3 Qxe4 27. exf6 Rxf6 28. Qxg5 Rxf3+ 29. Bxf3 Qxf3+ 0-1